Ascendant judiciary in East Africa : reconfiguring the balance of power in a democratizing constitutional order / (Record no. 3538)
[ view plain ]
| 000 -LEADER | |
|---|---|
| fixed length control field | 01782cam a2200361 i 4500 |
| 001 - CONTROL NUMBER | |
| control field | ocn889425084 |
| 003 - CONTROL NUMBER IDENTIFIER | |
| control field | OCoLC |
| 005 - DATE AND TIME OF LATEST TRANSACTION | |
| control field | 20170925121916.0 |
| 008 - FIXED-LENGTH DATA ELEMENTS--GENERAL INFORMATION | |
| fixed length control field | 140813s2013 ke b 001 0 eng |
| 010 ## - LIBRARY OF CONGRESS CONTROL NUMBER | |
| LC control number | 2013441866 |
| 020 ## - INTERNATIONAL STANDARD BOOK NUMBER | |
| International Standard Book Number | 9789966054012 |
| 020 ## - INTERNATIONAL STANDARD BOOK NUMBER | |
| International Standard Book Number | 9966054014 |
| 035 ## - SYSTEM CONTROL NUMBER | |
| System control number | (OCoLC)889425084 |
| 040 ## - CATALOGING SOURCE | |
| Original cataloging agency | DLC |
| Language of cataloging | eng |
| Description conventions | rda |
| Transcribing agency | DLC |
| Modifying agency | BOL |
| -- | OCLCF |
| -- | OCLCO |
| -- | OCL |
| -- | OCLCQ |
| -- | P4A |
| -- | INU |
| 042 ## - AUTHENTICATION CODE | |
| Authentication code | lcode |
| -- | pcc |
| 043 ## - GEOGRAPHIC AREA CODE | |
| Geographic area code | fe----- |
| 049 ## - LOCAL HOLDINGS (OCLC) | |
| Holding library | TZAA |
| 050 00 - LIBRARY OF CONGRESS CALL NUMBER | |
| Classification number | KQC457 |
| Item number | .O38 |
| 082 04 - DEWEY DECIMAL CLASSIFICATION NUMBER | |
| Classification number | 347.67601 |
| Edition number | 23 |
| 100 1# - MAIN ENTRY--PERSONAL NAME | |
| Personal name | Ojwang, J. B. |
| 245 10 - TITLE STATEMENT | |
| Title | Ascendant judiciary in East Africa : reconfiguring the balance of power in a democratizing constitutional order / |
| Remainder of title | reconfiguring the balance of power in a democratizing constitutional order / |
| Statement of responsibility, etc | the Hon. Justice (Prof) Jackton B. Ojwang, LL. B., LL. M. (Nairobi), Ph. D. (Cantab), Judge of the Supreme Court of Kenya, Full Professor of Law. |
| 260 ## - PUBLICATION, DISTRIBUTION, ETC. (IMPRINT) | |
| Place of publication, distribution, etc | Nairobi |
| Name of publisher, distributor, etc | Strathmore University Press |
| Date of publication, distribution, etc | 2013 |
| 300 ## - PHYSICAL DESCRIPTION | |
| Extent | 143 pages ; |
| Dimensions | 24 cm |
| 504 ## - BIBLIOGRAPHY, ETC. NOTE | |
| Bibliography, etc | Includes bibliographical references (pages 141-142) and index. |
| 505 0# - FORMATTED CONTENTS NOTE | |
| Formatted contents note | Constitutionalism and judicialism: ideologies of Kenya's new Constitution -- Kenya's democratic Constitution: the judiciary at a crossroads -- Judicial review and constitutional adjudication -- The common law, the judiciary, and the African experience -- The judiciary and the sphere of the environment -- Judicial ethics and judges' misconduct -- The independence of the judiciary -- Judicial power through case law: random sampling. |
| 650 #0 - SUBJECT ADDED ENTRY--TOPICAL TERM | |
| Topical term or geographic name as entry element | Justice, Administration of |
| Geographic subdivision | Africa, East. |
| 650 #0 - SUBJECT ADDED ENTRY--TOPICAL TERM | |
| Topical term or geographic name as entry element | Balance of power. |
| 650 #7 - SUBJECT ADDED ENTRY--TOPICAL TERM | |
| Topical term or geographic name as entry element | Balance of power. |
| Source of heading or term | fast |
| 650 #7 - SUBJECT ADDED ENTRY--TOPICAL TERM | |
| Topical term or geographic name as entry element | Justice, Administration of. |
| Source of heading or term | fast |
| 651 #7 - SUBJECT ADDED ENTRY--GEOGRAPHIC NAME | |
| Geographic name | Africa, East. |
| Source of heading or term | fast |
| 653 ## - INDEX TERM--UNCONTROLLED | |
| Uncontrolled term | Donation |
| 942 ## - ADDED ENTRY ELEMENTS (KOHA) | |
| Source of classification or shelving scheme | Library of Congress Classification |
| Koha item type | Books |
| Home library | Current library | Date acquired | Full call number | Barcode | Koha item type |
|---|---|---|---|---|---|
| African Court on Human and Peoples' Rights Library | African Court on Human and Peoples' Rights Library | 25/09/2017 | KQC457 .O38 | 10229779 | Books |
